[Event "DEM U10 2023"]
[Site "Willingen GER"]
[Date "2023.06.01"]
[Round "8"]
[White "Wagener, Nicolas"]
[Black "Pawlak, Antoni"]
[Result "1-0"]
[Termination "normal"]
[Board "15"]
[WhiteElo "1506"]
[BlackElo "1323"]
[WhiteClock "00:15:22"]
[BlackClock "00:20:13"]
[PlyCount "85"]
[WhiteFideId "34607935"]
[BlackFideId "34605460"]
[EventCountry "GER"]
[EventRounds "11"]
[EventType "swiss"]
[EventDate "2023.05.27"]

1. e4 {[%clk 01:15:59]} {[%emt 00:00:01]} e6 {[%clk 01:15:54]} {[%emt
00:00:06]} 2. d4 {[%clk 01:16:25]} {[%emt 00:00:05]} d5 {[%clk 01:16:21]}
{[%emt 00:00:02]} 3. Nd2 {[%clk 01:16:51]} {[%emt 00:00:04]} dxe4 {[%clk
01:16:45]} {[%emt 00:00:06]} 4. Nxe4 {[%clk 01:17:16]} {[%emt 00:00:04]} Bd7
{[%clk 01:17:11]} {[%emt 00:00:05]} 5. Nf3 {[%clk 01:17:26]} {[%emt 00:00:20]}
Bc6 {[%clk 01:17:32]} {[%emt 00:00:08]} 6. Bd3 {[%clk 01:17:46]} {[%emt
00:00:10]} Nd7 {[%clk 01:14:15]} {[%emt 00:03:48]} 7. O-O {[%clk 01:17:59]}
{[%emt 00:00:17]} Ngf6 {[%clk 01:14:35]} {[%emt 00:00:10]} 8. Nxf6+ {[%clk
01:18:19]} {[%emt 00:00:10]} Nxf6 {[%clk 01:14:59]} {[%emt 00:00:06]} 9. Bg5
{[%clk 01:17:38]} {[%emt 00:01:10]} Be7 {[%clk 01:12:15]} {[%emt 00:03:15]} 10.
Re1 {[%clk 01:17:16]} {[%emt 00:00:51]} O-O {[%clk 01:11:51]} {[%emt 00:00:54]}
11. Ne5 {[%clk 01:17:00]} {[%emt 00:00:47]} Qd6 {[%clk 01:10:47]} {[%emt
00:01:34]} 12. Re3 {[%clk 01:15:34]} {[%emt 00:01:56]} h6 {[%clk 01:10:21]}
{[%emt 00:00:57]} 13. Bh4 {[%clk 01:05:22]} {[%emt 00:10:41]} Rad8 {[%clk
01:08:55]} {[%emt 00:01:56]} 14. Rg3 {[%clk 01:04:12]} {[%emt 00:01:40]} Qxd4
{[%clk 01:07:22]} {[%emt 00:02:03]} 15. Bxf6 {[%clk 01:00:11]} {[%emt
00:04:31]} Bxf6 {[%clk 01:07:35]} {[%emt 00:00:18]} 16. Nxc6 {[%clk 01:00:30]}
{[%emt 00:00:11]} bxc6 {[%clk 01:07:47]} {[%emt 00:00:18]} 17. Qh5 {[%clk
01:00:45]} {[%emt 00:00:13]} Qxb2 {[%clk 01:07:19]} {[%emt 00:01:00]} 18. Re1
{[%clk 01:00:50]} {[%emt 00:00:24]} Qb4 {[%clk 01:06:52]} {[%emt 00:00:58]} 19.
Kf1 {[%clk 00:56:46]} {[%emt 00:04:34]} Qh4 {[%clk 01:05:13]} {[%emt 00:01:52]}
20. Qf3 {[%clk 00:56:04]} {[%emt 00:01:29]} Bc3 {[%clk 01:04:05]} {[%emt
00:01:38]} 21. Re4 {[%clk 00:55:53]} {[%emt 00:00:41]} Qxh2 {[%clk 01:01:31]}
{[%emt 00:03:03]} 22. Rh3 {[%clk 00:56:14]} {[%emt 00:00:09]} Qd6 {[%clk
01:01:46]} {[%emt 00:00:15]} 23. Reh4 {[%clk 00:50:23]} {[%emt 00:06:22]} Qe5
{[%clk 00:58:59]} {[%emt 00:02:51]} 24. g3 {[%clk 00:49:12]} {[%emt 00:02:07]}
Qd5 {[%clk 00:48:21]} {[%emt 00:10:40]} 25. Qg4 {[%clk 00:47:31]} {[%emt
00:02:38]} Qd4 {[%clk 00:47:42]} {[%emt 00:01:06]} 26. Rxh6 {[%clk 00:47:13]}
{[%emt 00:00:51]} g6 {[%clk 00:43:02]} {[%emt 00:05:11]} 27. Qf3 {[%clk
00:32:16]} {[%emt 00:15:27]} Qd5 {[%clk 00:37:16]} {[%emt 00:06:16]} 28. Qg4
{[%clk 00:26:15]} {[%emt 00:06:31]} Qd4 {[%clk 00:37:11]} {[%emt 00:00:35]} 29.
Rxg6+ {[%clk 00:25:33]} {[%emt 00:01:12]} fxg6 {[%clk 00:37:26]} {[%emt
00:00:15]} 30. Qxg6+ {[%clk 00:25:07]} {[%emt 00:00:56]} Qg7 {[%clk 00:37:33]}
{[%emt 00:00:22]} 31. Qxe6+ {[%clk 00:25:22]} {[%emt 00:00:15]} Rf7 {[%clk
00:34:39]} {[%emt 00:03:25]} 32. Bg6 {[%clk 00:25:20]} {[%emt 00:00:32]} Qf6
{[%clk 00:32:07]} {[%emt 00:03:01]} 33. Bxf7+ {[%clk 00:25:18]} {[%emt
00:00:33]} Qxf7 {[%clk 00:32:26]} {[%emt 00:00:11]} 34. Qg4+ {[%clk 00:23:09]}
{[%emt 00:02:37]} Bg7 {[%clk 00:32:37]} {[%emt 00:00:20]} 35. Rh5 {[%clk
00:20:43]} {[%emt 00:02:55]} Rd2 {[%clk 00:30:12]} {[%emt 00:02:54]} 36. Rf5
{[%clk 00:19:05]} {[%emt 00:02:09]} Qxa2 {[%clk 00:29:43]} {[%emt 00:01:00]}
37. Qg6 {[%clk 00:18:51]} {[%emt 00:00:43]} Qc4+ {[%clk 00:28:57]} {[%emt
00:01:16]} 38. Kg2 {[%clk 00:18:08]} {[%emt 00:01:12]} Qe4+ {[%clk 00:29:20]}
{[%emt 00:00:09]} 39. Kh3 {[%clk 00:16:18]} {[%emt 00:02:19]} Qh1+ {[%clk
00:27:52]} {[%emt 00:01:59]} 40. Kg4 {[%clk 00:16:36]} {[%emt 00:00:12]} Rd4+
{[%clk 00:27:35]} {[%emt 00:00:47]} 41. f4 {[%clk 00:15:30]} {[%emt 00:01:35]}
Qh6 {[%clk 00:20:15]} {[%emt 00:07:49]} 42. Qf7+ {[%clk 00:15:07]} {[%emt
00:00:56]} Kh7 {[%clk 00:20:13]} {[%emt 00:00:32]} 43. Rh5 {[%clk 00:15:22]}
{[%emt 00:00:13]} 1-0

[Event "DEM U10 2023"]
[Site "Willingen GER"]
[Date "2023.06.01"]
[Round "8"]
[White "Wettstein, Levin"]
[Black "Ishcenko, Volodymyr"]
[Result "1/2-1/2"]
[Termination "normal"]
[Board "16"]
[WhiteElo "1416"]
[BlackElo "1220"]
[WhiteClock "00:44:15"]
[BlackClock "00:14:13"]
[PlyCount "77"]
[WhiteFideId "34635866"]
[BlackFideId "34660208"]
[EventCountry "GER"]
[EventRounds "11"]
[EventType "swiss"]
[EventDate "2023.05.27"]

1. e4 {[%clk 01:15:59]} {[%emt 00:00:01]} e5 {[%clk 01:15:54]} {[%emt
00:00:07]} 2. Nf3 {[%clk 01:16:22]} {[%emt 00:00:07]} Nc6 {[%clk 01:16:19]}
{[%emt 00:00:05]} 3. Nc3 {[%clk 01:16:47]} {[%emt 00:00:05]} Nf6 {[%clk
01:16:41]} {[%emt 00:00:08]} 4. d4 {[%clk 01:17:10]} {[%emt 00:00:07]} exd4
{[%clk 01:16:41]} {[%emt 00:00:30]} 5. Nxd4 {[%clk 01:17:33]} {[%emt 00:00:06]}
Bb4 {[%clk 01:16:40]} {[%emt 00:00:31]} 6. Nxc6 {[%clk 01:17:53]} {[%emt
00:00:10]} bxc6 {[%clk 01:16:31]} {[%emt 00:00:40]} 7. Bd3 {[%clk 01:18:14]}
{[%emt 00:00:09]} d5 {[%clk 01:15:42]} {[%emt 00:01:19]} 8. exd5 {[%clk
01:18:31]} {[%emt 00:00:13]} cxd5 {[%clk 01:16:02]} {[%emt 00:00:09]} 9. O-O
{[%clk 01:18:47]} {[%emt 00:00:14]} O-O {[%clk 01:11:37]} {[%emt 00:04:56]} 10.
h3 {[%clk 01:19:02]} {[%emt 00:00:13]} c6 {[%clk 01:07:40]} {[%emt 00:04:28]}
11. Qf3 {[%clk 01:19:16]} {[%emt 00:00:17]} Bxc3 {[%clk 01:06:55]} {[%emt
00:01:15]} 12. bxc3 {[%clk 01:19:34]} {[%emt 00:00:11]} h6 {[%clk 01:03:08]}
{[%emt 00:04:17]} 13. Ba3 {[%clk 01:17:17]} {[%emt 00:02:48]} Re8 {[%clk
01:03:16]} {[%emt 00:00:22]} 14. Rfe1 {[%clk 01:16:56]} {[%emt 00:00:50]} Rxe1+
{[%emt 00:02:59]} 15. Rxe1 {[%clk 01:16:55]} {[%emt 00:00:28]} Be6 {[%clk
00:54:56]} {[%emt 00:06:21]} 16. Bb4 {[%clk 01:01:48]} {[%emt 00:15:40]} Qc7
{[%clk 00:48:35]} {[%emt 00:06:51]} 17. Qg3 {[%clk 00:57:17]} {[%emt 00:05:01]}
Qxg3 {[%clk 00:47:05]} {[%emt 00:02:01]} 18. fxg3 {[%clk 00:57:36]} {[%emt
00:00:09]} a5 {[%clk 00:44:07]} {[%emt 00:03:28]} 19. Ba3 {[%clk 00:56:04]}
{[%emt 00:02:03]} Nd7 {[%clk 00:42:24]} {[%emt 00:02:13]} 20. g4 {[%clk
00:55:39]} {[%emt 00:00:56]} Nb6 {[%clk 00:37:43]} {[%emt 00:05:11]} 21. Bf5
{[%clk 00:53:15]} {[%emt 00:02:54]} Bxf5 {[%clk 00:36:51]} {[%emt 00:01:22]}
22. gxf5 {[%clk 00:53:31]} {[%emt 00:00:14]} Nc4 {[%clk 00:34:20]} {[%emt
00:02:56]} 23. Bc1 {[%clk 00:52:55]} {[%emt 00:01:10]} Rb8 {[%clk 00:34:03]}
{[%emt 00:00:35]} 24. Be3 {[%clk 00:48:39]} {[%emt 00:04:59]} Nxe3 {[%clk
00:34:05]} {[%emt 00:00:28]} 25. Rxe3 {[%clk 00:48:56]} {[%emt 00:00:12]} Rb2
{[%clk 00:31:20]} {[%emt 00:03:11]} 26. Re8+ {[%clk 00:47:43]} {[%emt
00:01:47]} Kh7 {[%clk 00:31:21]} {[%emt 00:00:30]} 27. Rc8 {[%clk 00:47:07]}
{[%emt 00:01:07]} Rxa2 {[%clk 00:26:46]} {[%emt 00:05:04]} 28. Rxc6 {[%clk
00:47:21]} {[%emt 00:00:16]} Rxc2 {[%clk 00:27:02]} {[%emt 00:00:13]} 29. Rc5
{[%clk 00:46:59]} {[%emt 00:00:53]} a4 {[%clk 00:23:52]} {[%emt 00:03:40]} 30.
Rxd5 {[%clk 00:46:50]} {[%emt 00:00:38]} a3 {[%clk 00:22:44]} {[%emt 00:01:39]}
31. Ra5 {[%clk 00:47:06]} {[%emt 00:00:14]} Rxc3 {[%clk 00:18:32]} {[%emt
00:04:41]} 32. Kf2 {[%clk 00:46:10]} {[%emt 00:01:25]} Rc2+ {[%clk 00:16:16]}
{[%emt 00:02:45]} 33. Kg3 {[%clk 00:46:19]} {[%emt 00:00:22]} a2 {[%clk
00:16:31]} {[%emt 00:00:16]} 34. h4 {[%clk 00:45:57]} {[%emt 00:00:52]} h5
{[%clk 00:16:06]} {[%emt 00:00:55]} 35. Kf3 {[%clk 00:45:09]} {[%emt 00:01:17]}
Rc4 {[%clk 00:14:11]} {[%emt 00:02:22]} 36. Rxa2 {[%clk 00:44:27]} {[%emt
00:01:15]} Rxh4 {[%clk 00:14:31]} {[%emt 00:00:10]} 37. g3 {[%clk 00:44:41]}
{[%emt 00:00:16]} Rc4 {[%clk 00:14:16]} {[%emt 00:00:31]} 38. Rh2 {[%clk
00:44:29]} {[%emt 00:00:56]} Kh6 {[%clk 00:14:13]} {[%emt 00:00:34]} 39. Rh4
{[%clk 00:44:15]} 1/2-1/2

[Event "DEM U10 2023"]
[Site "Willingen GER"]
[Date "2023.06.01"]
[Round "8"]
[White "Cremann, Jannis"]
[Black "Sutharjan, Dakxwin"]
[Result "0-1"]
[Termination "normal"]
[Board "17"]
[WhiteElo "1324"]
[BlackElo "1438"]
[WhiteClock "00:53:30"]
[BlackClock "00:14:14"]
[PlyCount "64"]
[WhiteFideId "34660178"]
[BlackFideId "34606548"]
[EventCountry "GER"]
[EventRounds "11"]
[EventType "swiss"]
[EventDate "2023.05.27"]

1. d4 {[%clk 01:15:58]} {[%emt 00:00:01]} d5 {[%clk 01:15:46]} {[%emt
00:00:15]} 2. c4 {[%clk 01:16:15]} {[%emt 00:00:12]} e6 {[%clk 01:16:05]}
{[%emt 00:00:12]} 3. Nc3 {[%clk 01:16:14]} {[%emt 00:00:32]} c5 {[%clk
01:16:25]} {[%emt 00:00:09]} 4. cxd5 {[%clk 01:16:13]} {[%emt 00:00:30]} cxd4
{[%clk 01:16:32]} {[%emt 00:00:23]} 5. dxe6 {[%clk 01:15:50]} {[%emt 00:00:54]}
Bxe6 {[%clk 01:16:41]} {[%emt 00:00:21]} 6. Ne4 {[%clk 01:14:56]} {[%emt
00:01:23]} Nc6 {[%clk 01:16:00]} {[%emt 00:01:12]} 7. e3 {[%clk 01:14:39]}
{[%emt 00:00:47]} Nf6 {[%clk 01:12:00]} {[%emt 00:04:30]} 8. Nxf6+ {[%clk
01:13:36]} {[%emt 00:01:32]} Qxf6 {[%clk 01:12:08]} {[%emt 00:00:22]} 9. e4
{[%clk 01:10:26]} {[%emt 00:03:39]} Bb4+ {[%clk 01:11:55]} {[%emt 00:00:44]}
10. Bd2 {[%clk 01:09:36]} {[%emt 00:01:20]} O-O {[%clk 01:12:01]} {[%emt
00:00:24]} 11. Bb5 {[%clk 01:08:54]} {[%emt 00:01:12]} Bxd2+ {[%clk 01:08:35]}
{[%emt 00:03:56]} 12. Qxd2 {[%clk 01:07:10]} {[%emt 00:02:14]} Qe5 {[%clk
01:08:41]} {[%emt 00:00:24]} 13. Bxc6 {[%clk 01:05:20]} {[%emt 00:02:19]} bxc6
{[%clk 01:08:50]} {[%emt 00:00:21]} 14. Ne2 {[%clk 01:04:49]} {[%emt 00:01:02]}
c5 {[%clk 01:08:30]} {[%emt 00:00:51]} 15. Ng3 {[%clk 01:04:52]} {[%emt
00:00:26]} Bd7 {[%clk 01:03:00]} {[%emt 00:06:00]} 16. f4 {[%clk 01:03:48]}
{[%emt 00:01:34]} Qe7 {[%clk 01:02:56]} {[%emt 00:00:34]} 17. O-O {[%clk
01:03:41]} {[%emt 00:00:36]} f6 {[%clk 00:59:30]} {[%emt 00:03:56]} 18. Rac1
{[%clk 01:02:10]} {[%emt 00:02:01]} Rfd8 {[%clk 00:50:21]} {[%emt 00:09:39]}
19. Qd3 {[%clk 00:59:59]} {[%emt 00:02:42]} Rac8 {[%clk 00:47:35]} {[%emt
00:03:16]} 20. Rfe1 {[%clk 00:59:13]} {[%emt 00:01:15]} Be6 {[%clk 00:45:34]}
{[%emt 00:02:32]} 21. b3 {[%clk 00:59:00]} {[%emt 00:00:43]} Qc7 {[%clk
00:34:43]} {[%emt 00:11:21]} 22. e5 {[%clk 00:57:49]} {[%emt 00:01:40]} c4
{[%clk 00:31:44]} {[%emt 00:03:30]} 23. bxc4 {[%clk 00:57:43]} {[%emt
00:00:35]} Bxc4 {[%clk 00:31:57]} {[%emt 00:00:17]} 24. Qd2 {[%clk 00:57:48]}
{[%emt 00:00:25]} d3 {[%clk 00:30:44]} {[%emt 00:01:44]} 25. exf6 {[%clk
00:57:01]} {[%emt 00:01:17]} Qb6+ {[%clk 00:29:29]} {[%emt 00:01:45]} 26. Kh1
{[%clk 00:57:04]} {[%emt 00:00:26]} Qxf6 {[%clk 00:29:25]} {[%emt 00:00:34]}
27. Ne4 {[%clk 00:57:01]} {[%emt 00:00:33]} Qa6 {[%clk 00:25:40]} {[%emt
00:04:15]} 28. Ra1 {[%clk 00:56:13]} {[%emt 00:01:18]} Bd5 {[%emt 00:05:23]}
29. Re3 {[%clk 00:54:39]} Bxe4 {[%clk 00:22:23]} {[%emt 00:00:59]} 30. Rxe4
{[%clk 00:54:29]} {[%emt 00:00:39]} Qg6 {[%clk 00:15:55]} {[%emt 00:06:58]} 31.
Rae1 {[%clk 00:54:13]} {[%emt 00:00:46]} Rc2 {[%clk 00:14:29]} {[%emt
00:01:56]} 32. Qb4 {[%clk 00:53:30]} {[%emt 00:01:12]} Qxg2# {[%clk 00:14:14]}
{[%emt 00:00:15]} 0-1

[Event "DEM U10 2023"]
[Site "Willingen GER"]
[Date "2023.06.01"]
[Round "8"]
[White "Pflugbeil, Julian"]
[Black "Obermair, Hannes"]
[Result "1-0"]
[Termination "normal"]
[Board "18"]
[WhiteElo "1242"]
[BlackElo "1320"]
[WhiteClock "01:18:28"]
[BlackClock "00:31:12"]
[PlyCount "31"]
[WhiteFideId "34608850"]
[BlackFideId "34640509"]
[EventCountry "GER"]
[EventRounds "11"]
[EventType "swiss"]
[EventDate "2023.05.27"]

1. e4 {[%clk 01:15:58]} {[%emt 00:00:01]} c5 {[%clk 01:15:51]} {[%emt
00:00:10]} 2. Nc3 {[%clk 01:16:25]} {[%emt 00:00:02]} Nc6 {[%clk 01:16:12]}
{[%emt 00:00:09]} 3. f4 {[%clk 01:16:52]} {[%emt 00:00:04]} g6 {[%clk
01:16:25]} {[%emt 00:00:16]} 4. Bc4 {[%clk 01:17:15]} {[%emt 00:00:08]} Bg7
{[%clk 01:16:29]} {[%emt 00:00:25]} 5. Nf3 {[%clk 01:17:40]} {[%emt 00:00:06]}
d6 {[%clk 01:16:30]} {[%emt 00:00:28]} 6. O-O {[%clk 01:18:06]} {[%emt
00:00:05]} e6 {[%clk 01:16:51]} {[%emt 00:00:08]} 7. d4 {[%clk 01:18:29]}
{[%emt 00:00:08]} cxd4 {[%clk 01:16:07]} {[%emt 00:01:13]} 8. Nb5 {[%clk
01:18:54]} {[%emt 00:00:05]} a6 {[%clk 01:07:30]} {[%emt 00:09:07]} 9. Nbxd4
{[%clk 01:19:05]} {[%emt 00:00:19]} Nxd4 {[%clk 01:04:41]} {[%emt 00:03:18]}
10. Nxd4 {[%clk 01:19:26]} {[%emt 00:00:10]} b5 {[%clk 01:02:11]} {[%emt
00:02:59]} 11. Bb3 {[%clk 01:19:47]} {[%emt 00:00:11]} Bb7 {[%clk 01:01:18]}
{[%emt 00:01:23]} 12. f5 {[%clk 01:17:37]} {[%emt 00:02:40]} Qb6 {[%clk
00:48:27]} {[%emt 00:13:19]} 13. Be3 {[%clk 01:17:58]} {[%emt 00:00:11]} e5
{[%clk 00:44:44]} {[%emt 00:04:13]} 14. fxg6 {[%clk 01:18:04]} {[%emt
00:00:24]} fxg6 {[%clk 00:31:40]} {[%emt 00:13:32]} 15. Bf7+ {[%clk 01:18:01]}
{[%emt 00:00:34]} Kd7 {[%clk 00:31:12]} {[%emt 00:00:56]} 16. Qg4+ {[%clk
01:18:28]} {[%emt 00:00:05]} 1-0

[Event "DEM U10 2023"]
[Site "Willingen GER"]
[Date "2023.06.01"]
[Round "8"]
[White "Serwane, Ruben"]
[Black "Prashanthakumar, Arnesh"]
[Result "1-0"]
[Termination "normal"]
[Board "19"]
[WhiteElo "1489"]
[BlackElo "1395"]
[WhiteClock "01:05:06"]
[BlackClock "00:28:55"]
[PlyCount "57"]
[WhiteFideId "34660232"]
[BlackFideId "34604073"]
[EventCountry "GER"]
[EventRounds "11"]
[EventType "swiss"]
[EventDate "2023.05.27"]

1. e4 {[%clk 01:15:58]} {[%emt 00:00:02]} e5 {[%clk 01:15:51]} {[%emt
00:00:11]} 2. Nf3 {[%clk 01:16:21]} {[%emt 00:00:05]} Nc6 {[%clk 01:16:07]}
{[%emt 00:00:14]} 3. Bc4 {[%clk 01:16:38]} {[%emt 00:00:14]} Bc5 {[%clk
01:16:11]} {[%emt 00:00:25]} 4. c3 {[%clk 01:16:54]} {[%emt 00:00:15]} Nf6
{[%clk 01:16:04]} {[%emt 00:00:36]} 5. d4 {[%clk 01:17:15]} {[%emt 00:00:10]}
exd4 {[%clk 01:16:04]} {[%emt 00:00:30]} 6. cxd4 {[%clk 01:17:25]} {[%emt
00:00:19]} Bb4+ {[%clk 01:15:46]} {[%emt 00:00:47]} 7. Nc3 {[%clk 01:17:40]}
{[%emt 00:00:16]} Nxe4 {[%clk 01:15:38]} {[%emt 00:00:37]} 8. O-O {[%clk
01:18:00]} {[%emt 00:00:11]} Nxc3 {[%clk 01:15:23]} {[%emt 00:00:44]} 9. bxc3
{[%clk 01:18:06]} {[%emt 00:00:24]} Ba5 {[%clk 01:13:29]} {[%emt 00:02:24]} 10.
Qb3 {[%clk 01:16:25]} {[%emt 00:02:11]} O-O {[%clk 01:12:34]} {[%emt 00:01:24]}
11. Bg5 {[%clk 01:16:40]} {[%emt 00:00:16]} Ne7 {[%clk 01:09:34]} {[%emt
00:03:29]} 12. Rfe1 {[%clk 01:16:16]} {[%emt 00:00:54]} d5 {[%clk 01:04:28]}
{[%emt 00:05:36]} 13. Bb5 {[%clk 01:16:18]} {[%emt 00:00:28]} f6 {[%clk
01:00:57]} {[%emt 00:04:01]} 14. Bf4 {[%clk 01:15:52]} {[%emt 00:00:57]} c6
{[%clk 00:55:41]} {[%emt 00:05:45]} 15. Bd3 {[%clk 01:15:18]} {[%emt 00:01:03]}
Bg4 {[%clk 00:52:27]} {[%emt 00:03:45]} 16. Qa3 {[%clk 01:13:00]} {[%emt
00:02:49]} Re8 {[%clk 00:49:43]} {[%emt 00:03:13]} 17. Bd6 {[%clk 01:12:39]}
{[%emt 00:00:51]} Ng6 {[%clk 00:48:51]} {[%emt 00:01:22]} 18. Rxe8+ {[%clk
01:12:51]} {[%emt 00:00:18]} Qxe8 {[%clk 00:48:53]} {[%emt 00:00:29]} 19. Qxa5
{[%clk 01:12:56]} {[%emt 00:00:25]} Bxf3 {[%clk 00:47:26]} {[%emt 00:01:56]}
20. gxf3 {[%clk 01:13:10]} {[%emt 00:00:15]} Nh4 {[%clk 00:44:51]} {[%emt
00:03:02]} 21. Bg3 {[%emt 00:07:55]} Nxf3+ {[%clk 00:42:50]} {[%emt 00:00:04]}
22. Kg2 {[%clk 01:08:28]} {[%emt 00:00:18]} Ne1+ {[%clk 00:40:39]} {[%emt
00:02:40]} 23. Rxe1 {[%clk 01:08:19]} {[%emt 00:00:40]} Qxe1 {[%clk 00:40:52]}
{[%emt 00:00:17]} 24. Qb4 {[%clk 01:06:52]} {[%emt 00:01:58]} b6 {[%clk
00:39:13]} {[%emt 00:02:08]} 25. Qd6 {[%clk 01:07:00]} {[%emt 00:00:22]} Qxc3
{[%clk 00:35:22]} {[%emt 00:04:20]} 26. Qe6+ {[%clk 01:06:08]} {[%emt
00:01:24]} Kh8 {[%clk 00:34:53]} {[%emt 00:00:58]} 27. Qf5 {[%clk 01:06:31]}
{[%emt 00:00:07]} Kg8 {[%clk 00:29:49]} {[%emt 00:05:29]} 28. Qxh7+ {[%clk
01:06:30]} {[%emt 00:00:36]} Kf7 {[%clk 00:28:55]} {[%emt 00:01:22]} 29. Bg6+
{[%clk 01:05:06]} {[%emt 00:01:57]} 1-0

[Event "DEM U10 2023"]
[Site "Willingen GER"]
[Date "2023.06.01"]
[Round "8"]
[White "Gendzelevsky, Stefan"]
[Black "Döscher, Rasmus"]
[Result "1-0"]
[Termination "normal"]
[Board "20"]
[WhiteElo "1442"]
[BlackElo "1049"]
[WhiteClock "00:13:08"]
[BlackClock "00:09:20"]
[PlyCount "95"]
[WhiteFideId "34637672"]
[BlackFideId "34625038"]
[EventCountry "GER"]
[EventRounds "11"]
[EventType "swiss"]
[EventDate "2023.05.27"]

1. e4 {[%clk 01:15:59]} e5 {[%clk 01:15:47]} {[%emt 00:00:14]} 2. Nf3 {[%clk
01:16:20]} {[%emt 00:00:10]} Nc6 {[%clk 01:16:07]} {[%emt 00:00:10]} 3. Bc4
{[%clk 01:16:44]} {[%emt 00:00:06]} h6 {[%clk 01:16:18]} {[%emt 00:00:18]} 4.
d3 {[%clk 01:16:47]} {[%emt 00:00:27]} Nf6 {[%clk 01:16:06]} {[%emt 00:00:41]}
5. Be3 {[%clk 01:17:10]} {[%emt 00:00:08]} d6 {[%clk 01:15:45]} {[%emt
00:00:51]} 6. Nbd2 {[%clk 01:17:20]} {[%emt 00:00:20]} Be7 {[%clk 01:14:34]}
{[%emt 00:01:40]} 7. a3 {[%clk 01:15:45]} {[%emt 00:02:06]} O-O {[%clk
01:13:15]} {[%emt 00:01:48]} 8. O-O {[%clk 01:16:09]} {[%emt 00:00:07]} Bg4
{[%clk 01:11:19]} {[%emt 00:02:25]} 9. Re1 {[%clk 01:14:48]} {[%emt 00:01:51]}
Re8 {[%clk 01:04:41]} {[%emt 00:07:08]} 10. h3 {[%clk 01:12:41]} {[%emt
00:02:38]} Bxf3 {[%clk 00:53:55]} {[%emt 00:11:16]} 11. Nxf3 {[%clk 01:12:57]}
{[%emt 00:00:14]} Qd7 {[%clk 00:51:53]} {[%emt 00:02:33]} 12. Qd2 {[%clk
01:12:54]} {[%emt 00:00:30]} Bf8 {[%clk 00:43:59]} {[%emt 00:08:26]} 13. Bb5
{[%clk 01:09:02]} {[%emt 00:04:23]} g5 {[%clk 00:43:13]} {[%emt 00:01:15]} 14.
b4 {[%clk 01:07:06]} {[%emt 00:02:26]} a6 {[%clk 00:39:31]} {[%emt 00:04:13]}
15. Bc4 {[%clk 01:07:29]} {[%emt 00:00:07]} Bg7 {[%clk 00:39:38]} {[%emt
00:00:22]} 16. Kh1 {[%clk 01:04:10]} {[%emt 00:03:50]} Ne7 {[%clk 00:34:37]}
{[%emt 00:05:31]} 17. Ng1 {[%clk 01:04:19]} {[%emt 00:00:21]} Ng6 {[%clk
00:33:55]} {[%emt 00:01:12]} 18. g3 {[%clk 01:01:34]} {[%emt 00:03:14]} Kh7
{[%clk 00:31:57]} {[%emt 00:02:28]} 19. Kh2 {[%clk 01:01:39]} {[%emt 00:00:26]}
g4 {[%clk 00:30:29]} {[%emt 00:01:59]} 20. h4 {[%clk 01:00:09]} {[%emt
00:01:59]} Rg8 {[%clk 00:26:23]} {[%emt 00:04:37]} 21. Ne2 {[%clk 00:57:51]}
{[%emt 00:02:45]} Raf8 {[%clk 00:24:22]} {[%emt 00:02:33]} 22. Nc3 {[%clk
00:57:13]} {[%emt 00:01:08]} c6 {[%clk 00:22:49]} {[%emt 00:02:03]} 23. Rad1
{[%clk 00:55:29]} {[%emt 00:02:14]} d5 {[%clk 00:21:20]} {[%emt 00:02:00]} 24.
Bb3 {[%clk 00:55:34]} {[%emt 00:00:25]} d4 {[%clk 00:21:28]} {[%emt 00:00:21]}
25. Na4 {[%clk 00:54:27]} {[%emt 00:01:38]} dxe3 {[%clk 00:21:20]} {[%emt
00:00:37]} 26. Qxe3 {[%clk 00:54:47]} {[%emt 00:00:10]} Qd4 {[%clk 00:20:23]}
{[%emt 00:01:27]} 27. Qd2 {[%clk 00:54:03]} {[%emt 00:01:14]} h5 {[%clk
00:19:02]} {[%emt 00:01:51]} 28. c3 {[%clk 00:53:14]} {[%emt 00:01:19]} Qd6
{[%clk 00:18:45]} {[%emt 00:00:46]} 29. Qe2 {[%clk 00:51:36]} {[%emt 00:02:08]}
a5 {[%clk 00:18:32]} {[%emt 00:00:45]} 30. d4 {[%clk 00:51:39]} {[%emt
00:00:27]} axb4 {[%clk 00:18:06]} {[%emt 00:00:55]} 31. axb4 {[%clk 00:51:29]}
{[%emt 00:00:40]} Kh8 {[%clk 00:17:12]} {[%emt 00:01:23]} 32. Nb2 {[%clk
00:45:01]} {[%emt 00:06:58]} Qc7 {[%clk 00:16:38]} {[%emt 00:01:05]} 33. Qc4
{[%clk 00:40:03]} {[%emt 00:05:28]} exd4 {[%clk 00:16:36]} {[%emt 00:00:32]}
34. cxd4 {[%clk 00:36:54]} {[%emt 00:03:38]} Nxh4 {[%clk 00:16:32]} {[%emt
00:00:35]} 35. e5 {[%clk 00:36:53]} {[%emt 00:00:32]} Nf3+ {[%clk 00:15:10]}
{[%emt 00:01:51]} 36. Kh1 {[%clk 00:37:15]} {[%emt 00:00:08]} Nxe1 {[%clk
00:15:09]} {[%emt 00:00:31]} 37. exf6 {[%clk 00:37:41]} {[%emt 00:00:04]} Bxf6
{[%clk 00:15:23]} {[%emt 00:00:16]} 38. Rxe1 {[%emt 00:02:05]} h4 {[%clk
00:14:27]} 39. gxh4 {[%clk 00:32:27]} {[%emt 00:05:35]} g3 {[%clk 00:14:35]}
{[%emt 00:00:23]} 40. Qc1 {[%clk 00:30:33]} {[%emt 00:02:23]} Rg6 {[%clk
00:14:28]} {[%emt 00:00:36]} 41. Rg1 {[%clk 00:26:08]} {[%emt 00:04:56]} Rfg8
{[%clk 00:13:53]} {[%emt 00:01:03]} 42. Rxg3 {[%clk 00:25:53]} {[%emt
00:00:48]} Bxh4 {[%clk 00:13:45]} {[%emt 00:00:39]} 43. Rxg6 {[%clk 00:25:00]}
{[%emt 00:01:22]} Rxg6 {[%clk 00:13:59]} {[%emt 00:00:16]} 44. Qe3 {[%clk
00:23:14]} {[%emt 00:02:14]} Qd7 {[%clk 00:12:16]} {[%emt 00:02:15]} 45. Bc2
{[%clk 00:21:57]} {[%emt 00:01:47]} Bxf2 {[%clk 00:12:15]} {[%emt 00:00:30]}
46. Qe5+ {[%clk 00:13:01]} {[%emt 00:09:27]} Rg7 {[%clk 00:09:25]} {[%emt
00:03:20]} 47. Qh2+ {[%clk 00:12:51]} {[%emt 00:00:38]} Kg8 {[%clk 00:09:20]}
{[%emt 00:00:37]} 48. Qb8+ {[%clk 00:13:08]} {[%emt 00:00:13]} 1-0